Airports in Ireland - Statistics

General Stats
  • This quiz has been taken 132 times
  • The average score is 6 of 14
Answer Stats
Answer % Correct
Dublin
97%
Cork
92%
Shannon
85%
Knock
53%
Waterford
50%
Kerry
47%
Donegal
45%
Belfast International
34%
Belfast City
31%
Sligo
31%
City of Derry
18%
Connemara (Galway)
9%
Aran Islands
5%
St Angelo (Enniskillen)
5%
No matching quizzes found
Score Distribution
Percent of People with Each Score
Percentile by Number Answered
Your Score History
You have not taken this quiz